| 000 | 00523nam a2200181 a 4500 | ||
|---|---|---|---|
| 005 | 20140310183500.0 | ||
| 008 | 100301s19uu xx 00 eng d | ||
| 020 | _a9780230218574 | ||
| 050 |
_aPN 3171 _b.N52 2009 |
||
| 100 | _aNicholson, Helen | ||
| 245 |
_aTheater and education / _cHelen Nicholson. |
||
| 260 |
_aUK : _bPalgrave Macmillan, _c2009. |
||
| 300 |
_a91 p. : _c18 cm. |
||
| 521 | _aMC | ||
| 650 |
_aTheater _xeducation. 2. Film _xvalues, principles, motivation. |
||
| 942 |
_cBK _2lcc _kFOR |
||
| 999 |
_c23884 _d23884 |
||